Normal view
MARC view
Entry Personal Name
001 - CONTROL NUMBER
- control field: 54871
003 - CONTROL NUMBER IDENTIFIER
- control field: OSt
005 - DATE AND TIME OF LATEST TRANSACTION
- control field: 20241004133728.0
008 - FIXED-LENGTH DATA ELEMENTS
- fixed length control field: 241004|| aca||aabn | a|a d
040 ## - CATALOGING SOURCE
- Original cataloging agency: OSt
- Transcribing agency: OSt
100 ## - HEADING--PERSONAL NAME
- Personal name: ကျော်သိန်း
670 ## - SOURCE DATA FOUND
- Source citation: Work cat.: (OSt): ကျော်သိန်း, မိုးကုတ်ဆရာတော်ဘုရားကြီး၏ ထေရုပ္ပတ္တိနှင့်ကျင့်စဉ် /, ခုနှစ်မပါ။